000 00321nam a2200133Ia 4500
008 190722s9999 xx 000 0 und d
020 _a978-0-19-940183-3
100 _aS.Akbar Zaidi
245 0 _aIssues in Pakistan Economy
250 _a3rd
260 _aKarachi
_bOxford Press
_c2015
300 _a836
942 _cBK
999 _c1183
_d1183